Sobre la religión. Discursos a sus menospreciadores cultivados.
Guardado en:
| Autor principal: | |
|---|---|
| Otros Autores: | |
| Formato: | Desconocido |
| Publicado: |
Madrid, España:
Tecnos,
1990.
|
| Colección: | Colección Clásicos del Pensamiento
|
| Materias: | |
| Etiquetas: |
Agregar Etiqueta
Sin Etiquetas, Sea el primero en etiquetar este registro!
|
MARC
| LEADER | 00000 a2200000 4500 | ||
|---|---|---|---|
| 003 | CL-VaPUC | ||
| 005 | 20221024102102.0 | ||
| 008 | 221017t1990 ||||| |||| 00| 0 eng d | ||
| 999 | |c 436402 |d 436400 | ||
| 020 | |a 84-309-1881-7 | ||
| 040 | |c Pontificia Universidad Católica de Valparaíso | ||
| 082 | |2 22 |a 210 SCH 1990 | ||
| 100 | |a Schleiermacher, Friedrich Daniel Ernst |9 876331 |e autor | ||
| 245 | |a Sobre la religión. |b Discursos a sus menospreciadores cultivados. | ||
| 260 | |a Madrid, España: |b Tecnos, |c 1990. | ||
| 300 | |a XCIX, 202 páginas. | ||
| 490 | |a Colección Clásicos del Pensamiento |n 76. | ||
| 583 | |k GC |c 20221017 | ||
| 650 | 0 | |9 256017 |a Filosofía de la religión | |
| 650 | 0 | |a Religión |x Aspectos filosóficos |9 877733 | |
| 650 | 0 | |9 255164 |a Religión |x Filosofía alemana | |
| 700 | |a Ginzo Fernández, Arsenio |e estudio preliminar y traducción |9 877643 | ||
| 942 | |2 ddc |c BK | ||
| 952 | |0 0 |1 0 |2 ddc |4 0 |6 210_000000000000000_SCH_1990 |7 0 |8 A |9 587250 |a BIBTEO |b BIBTEO |c GEN |d 2022-10-13 |e 3 |g 53051.00 |i 5655184 |o 210 SCH 1990 |p 5655184 |r 2025-01-17 |t 1 |v 53051.00 |w 2022-10-13 |y BK |k ICR | ||